Länderflaggen als Kreisdiagramm #6 - Statistiken

Allgemein
  • Dieses Quiz wurde 26 mal gespielt
  • Das Durchschnittsergebnis liegt bei 7 aus 20
Antwortstatistiken
Bildquiz Antwort % Korrekt
Somalia
80%
Bosnien und Herzegowina
65%
Zypern
65%
Jamaika
60%
Ungarn
60%
Russland
55%
Moldawien
45%
Südkorea
45%
Australien
40%
Angola
30%
Griechenland
30%
Belarus
25%
Iran
20%
Syrien
20%
Bahrain
15%
Island
5%
Trinidad und Tobago
5%
Grenada
0%
Liberia
0%
Mauretanien
0%
Keine übereinstimmenden Quizze gefunden
Verteilung der Resultate
Anzahl Personen mit jedem Resultat
Perzentil nach korrekt beantworteten Fragen
Ihre Resultats-Entwicklung
Sie haben dieses Quiz noch nicht gespielt